00309nam a2200109Ia 4500008004100000082000800041100000900049245002200058942000600080952009800086999001500184240331s9999 xx 000 0 und d bMOY aMo.Y 0aIlamaiyin geetham cL 001040708LaWERCLbWERCLcSSCd2024-03-31l0o 891.48 MOYp5988r2024-03-31w2024-03-31yL c3909d3909